<?xml version="1.0" encoding="UTF-8"?>
<record
    xmlns:xsi="http://www.w3.org/2001/XMLSchema-instance"
    xsi:schemaLocation="http://www.loc.gov/MARC21/slim http://www.loc.gov/standards/marcxml/schema/MARC21slim.xsd"
    xmlns="http://www.loc.gov/MARC21/slim">

  <leader>00614nam a22002177a 4500</leader>
  <controlfield tag="005">20260515114853.0</controlfield>
  <controlfield tag="008">201125b           ||||| |||| 00| 0 eng d</controlfield>
  <datafield tag="020" ind1=" " ind2=" ">
    <subfield code="a">9789381784389</subfield>
  </datafield>
  <datafield tag="040" ind1=" " ind2=" ">
    <subfield code="a">IN-DiNC</subfield>
    <subfield code="c">IN-DiNC</subfield>
  </datafield>
  <datafield tag="041" ind1=" " ind2=" ">
    <subfield code="d">asm</subfield>
  </datafield>
  <datafield tag="082" ind1=" " ind2=" ">
    <subfield code="a">320.3</subfield>
  </datafield>
  <datafield tag="100" ind1=" " ind2=" ">
    <subfield code="a">Gohain, Nabin</subfield>
    <subfield code="e">author</subfield>
  </datafield>
  <datafield tag="245" ind1=" " ind2=" ">
    <subfield code="a">Tulanamulak sarkar aru rajnitir parichay/</subfield>
    <subfield code="c">by Nabin Gohain and Pankaj Bora</subfield>
  </datafield>
  <datafield tag="250" ind1=" " ind2=" ">
    <subfield code="a">7th rev. ed.</subfield>
  </datafield>
  <datafield tag="260" ind1=" " ind2=" ">
    <subfield code="a">Jorhat:</subfield>
    <subfield code="b">Bidya bhawan,</subfield>
    <subfield code="c">2020</subfield>
  </datafield>
  <datafield tag="300" ind1=" " ind2=" ">
    <subfield code="a">436p.</subfield>
  </datafield>
  <datafield tag="650" ind1=" " ind2=" ">
    <subfield code="a">Political science</subfield>
  </datafield>
  <datafield tag="650" ind1=" " ind2=" ">
    <subfield code="a">Comparative government and politics</subfield>
  </datafield>
  <datafield tag="700" ind1=" " ind2=" ">
    <subfield code="a">Bora, Pankaj</subfield>
    <subfield code="e">author</subfield>
  </datafield>
  <datafield tag="942" ind1=" " ind2=" ">
    <subfield code="2">ddc</subfield>
    <subfield code="c">BK</subfield>
  </datafield>
  <datafield tag="999" ind1=" " ind2=" ">
    <subfield code="c">11074</subfield>
    <subfield code="d">11074</subfield>
  </datafield>
  <datafield tag="952" ind1=" " ind2=" ">
    <subfield code="0">0</subfield>
    <subfield code="1">0</subfield>
    <subfield code="2">ddc</subfield>
    <subfield code="4">0</subfield>
    <subfield code="7">0</subfield>
    <subfield code="8">POL</subfield>
    <subfield code="a">MAIN</subfield>
    <subfield code="b">MAIN</subfield>
    <subfield code="c">GEN</subfield>
    <subfield code="d">2020-11-25</subfield>
    <subfield code="g">300.00</subfield>
    <subfield code="l">37</subfield>
    <subfield code="o">320.3</subfield>
    <subfield code="p">28455</subfield>
    <subfield code="r">2026-03-11 07:40:27</subfield>
    <subfield code="s">2026-03-11</subfield>
    <subfield code="t">1</subfield>
    <subfield code="w">2020-11-25</subfield>
    <subfield code="y">BK</subfield>
  </datafield>
  <datafield tag="952" ind1=" " ind2=" ">
    <subfield code="0">0</subfield>
    <subfield code="1">0</subfield>
    <subfield code="2">ddc</subfield>
    <subfield code="4">0</subfield>
    <subfield code="7">0</subfield>
    <subfield code="8">POL</subfield>
    <subfield code="a">MAIN</subfield>
    <subfield code="b">MAIN</subfield>
    <subfield code="c">GEN</subfield>
    <subfield code="d">2020-11-25</subfield>
    <subfield code="g">300.00</subfield>
    <subfield code="l">35</subfield>
    <subfield code="o">320.3</subfield>
    <subfield code="p">28456</subfield>
    <subfield code="r">2026-02-16 04:59:34</subfield>
    <subfield code="s">2026-01-29</subfield>
    <subfield code="t">2</subfield>
    <subfield code="w">2020-11-25</subfield>
    <subfield code="y">BK</subfield>
  </datafield>
  <datafield tag="952" ind1=" " ind2=" ">
    <subfield code="0">0</subfield>
    <subfield code="1">0</subfield>
    <subfield code="2">ddc</subfield>
    <subfield code="4">0</subfield>
    <subfield code="7">0</subfield>
    <subfield code="8">POL</subfield>
    <subfield code="a">MAIN</subfield>
    <subfield code="b">MAIN</subfield>
    <subfield code="c">GEN</subfield>
    <subfield code="d">2020-11-25</subfield>
    <subfield code="g">300.00</subfield>
    <subfield code="l">45</subfield>
    <subfield code="o">320.3</subfield>
    <subfield code="p">28457</subfield>
    <subfield code="r">2026-04-17 06:41:02</subfield>
    <subfield code="s">2026-04-17</subfield>
    <subfield code="t">3</subfield>
    <subfield code="w">2020-11-25</subfield>
    <subfield code="y">BK</subfield>
  </datafield>
  <datafield tag="952" ind1=" " ind2=" ">
    <subfield code="0">0</subfield>
    <subfield code="1">0</subfield>
    <subfield code="2">ddc</subfield>
    <subfield code="4">0</subfield>
    <subfield code="7">0</subfield>
    <subfield code="8">POL</subfield>
    <subfield code="a">MAIN</subfield>
    <subfield code="b">MAIN</subfield>
    <subfield code="c">GEN</subfield>
    <subfield code="d">2020-11-25</subfield>
    <subfield code="g">300.00</subfield>
    <subfield code="l">47</subfield>
    <subfield code="o">320.3</subfield>
    <subfield code="p">28458</subfield>
    <subfield code="r">2026-04-27 08:23:54</subfield>
    <subfield code="s">2026-04-27</subfield>
    <subfield code="t">4</subfield>
    <subfield code="w">2020-11-25</subfield>
    <subfield code="y">BK</subfield>
  </datafield>
  <datafield tag="952" ind1=" " ind2=" ">
    <subfield code="0">0</subfield>
    <subfield code="1">0</subfield>
    <subfield code="2">ddc</subfield>
    <subfield code="4">0</subfield>
    <subfield code="7">0</subfield>
    <subfield code="8">POL</subfield>
    <subfield code="a">MAIN</subfield>
    <subfield code="b">MAIN</subfield>
    <subfield code="c">GEN</subfield>
    <subfield code="d">2020-11-25</subfield>
    <subfield code="g">300.00</subfield>
    <subfield code="l">39</subfield>
    <subfield code="o">320.3</subfield>
    <subfield code="p">28459</subfield>
    <subfield code="r">2026-02-09 05:02:25</subfield>
    <subfield code="s">2026-02-09</subfield>
    <subfield code="t">5</subfield>
    <subfield code="w">2020-11-25</subfield>
    <subfield code="y">BK</subfield>
  </datafield>
</record>
